អំបូររុក្ខជាតិ dipterocarpaceae (Record no. 9127)
[ view plain ]
| 000 -LEADER | |
|---|---|
| fixed length control field | 00322nam a22001217a 4500 |
| 040 ## - CATALOGING SOURCE | |
| Transcribing agency | HS |
| 082 ## - DEWEY DECIMAL CLASSIFICATION NUMBER | |
| Classification number | 581 |
| 100 ## - MAIN ENTRY--AUTHOR NAME | |
| Personal name | អ៊ុក ស៊ីផាន |
| 245 ## - TITLE STATEMENT | |
| Title | អំបូររុក្ខជាតិ dipterocarpaceae |
| 260 ## - PUBLICATION, DISTRIBUTION, ETC. (IMPRINT) | |
| Place of publication | Phnom Penh |
| Name of publisher | អ៊ុក ស៊ីផាន |
| Year of publication | 2000 |
| 300 ## - PHYSICAL DESCRIPTION | |
| Number of Pages | 36p; |
| 942 ## - ADDED ENTRY ELEMENTS (KOHA) | |
| Koha item type | សៀវភៅភាសាខ្មែរ |
| 952 ## - LOCATION AND ITEM INFORMATION (KOHA) | |
| Withdrawn status [LOCAL, KOHA] | 0 |
| 952 ## - LOCATION AND ITEM INFORMATION (KOHA) | |
| Withdrawn status [LOCAL, KOHA] | 0 |
| Permanent Location | Date acquired | Koha item type | Lost status | Shelving location | Barcode | Current Location | Full call number |
|---|---|---|---|---|---|---|---|
| Library Block C | 2016-08-24 | សៀវភៅភាសាខ្មែរ | C174 | RUA061589 | Library Block C | 581 អ៊ុក 2000C C174 | |
| Library Block C | 2016-08-30 | សៀវភៅភាសាខ្មែរ | C257 | RUA061967 | Library Block C | 581 អ៊ុក 2000 C257 |